Managerial statistics abbeviated
Gorde:
| Egile nagusia: | |
|---|---|
| Formatua: | Liburua |
| Hizkuntza: | Undetermined |
| Argitaratua: |
Australia
South-Western /Cengage Learning
2009
|
| Gaiak: | |
| Etiketak: |
Etiketa erantsi
Etiketarik gabe, Izan zaitez lehena erregistro honi etiketa jartzen!
|
| Thư viện lưu trữ: | Trung tâm Học liệu Trường Đại học Cần Thơ |
|---|
| LEADER | 00511nam a2200181Ia 4500 | ||
|---|---|---|---|
| 001 | CTU_199583 | ||
| 008 | 210402s9999 xx 000 0 und d | ||
| 082 | |a 519.5 | ||
| 082 | |b K29/CD | ||
| 100 | |a Keller, Gerald | ||
| 245 | 0 | |a Managerial statistics abbeviated | |
| 245 | 0 | |c Gerald Keller | |
| 260 | |a Australia | ||
| 260 | |b South-Western /Cengage Learning | ||
| 260 | |c 2009 | ||
| 650 | |a Thống kê,Statistics | ||
| 904 | |i Lộc, Bằng | ||
| 980 | |a Trung tâm Học liệu Trường Đại học Cần Thơ | ||